| 000 | 00519nmc a2200193 a 4500 | ||
|---|---|---|---|
| 003 | AR-BaBNM | ||
| 005 | 20251128202937.0 | ||
| 008 | 186020s1972 ||||||||||||||000 | spa|| | ||
| 040 | _cAR-BaBNM | ||
| 100 | 1 | _aScaramella, Dora G. | |
| 245 | 1 | 0 |
_aLas nubes, de Aristófanes _bestudio, versión y notas |
| 260 |
_aBuenos Aires _bEditorial Columba _c1972 |
||
| 300 | 0 | _a82 p. | |
| 490 | 0 |
_aColección Birreme _vv. 3 |
|
| 600 | 0 | 4 | _aAristófanes |
| 800 | 1 | _aVaccaro, Alberto José | |
| 942 | _cBK | ||
| 998 | _cme-listados | ||
| 999 |
_c1237 _d1237 |
||